Βελτιστοποίηση Αποθήκευσης Βιομηχανικών Προϊόντων./Εφαρμογές στα Ηλεκτρικά Καλώδια. (Record no. 8622)
[ view plain ]
| 000 -LEADER | |
|---|---|
| fixed length control field | 01542cam a22001934a 4500 |
| 005 - ΗΜΕΡΟΜΗΝΙΑ ΚΑΙ ΩΡΑ ΤΕΛΕΥΤΑΙΑΣ ΕΝΗΜΕΡΩΣΗΣ | |
| Πεδίο ελέγχου | 20250605164341.0 |
| 008 - FIXED-LENGTH DATA ELEMENTS--GENERAL INFORMATION | |
| Πεδίο ελέγχου σταθερού μήκους | 250528s ||||||||||||||||||||||||d |
| 035 ## - SYSTEM CONTROL NUMBER | |
| System control number | 23622 |
| 040 ## - ΠΗΓΗ ΚΑΤΑΛΟΓΟΓΡΑΦΗΣΗΣ | |
| Φορέας πρωτότυπης καταλογογράφησης | MC Athens Campus Library |
| Γλώσσα καταλογογράφησης | Ελληνικά, Μοντέρνα (1453-) |
| Modifying agency | MC Athens Campus Library |
| Κανόνες περιγραφικής καταλογογράφησης | AACR2 |
| 245 1# - ΤΙΤΛΟΣ ΚΑΙ ΔΗΛΩΣΗ ΥΠΕΥΘΥΝΟΤΗΤΑΣ | |
| Τίτλος | Βελτιστοποίηση Αποθήκευσης Βιομηχανικών Προϊόντων./Εφαρμογές στα Ηλεκτρικά Καλώδια. |
| 260 ## - PUBLICATION, DISTRIBUTION, ETC. | |
| Date of publication, distribution, etc. | 2014 |
| 300 ## - PHYSICAL DESCRIPTION | |
| Extent | 31 |
| 520 ## - SUMMARY, ETC. | |
| Summary, etc. | Εισαγωγή, Η Εταιρία, Ορισμός RFID, η Αποθήκη και ο Ρόλος της, η Τεχνολογία RFID, Διαφορές Μεταξύ Ετικετών RFID, Αποθήκευση - Πληροφορία Ετικέτας RFID, Προμηθευτές της Τεχνολογίας RFID, Χρησιμότητα Τεχνολογίας RFID, Οφέλη, Παραδείγματα WMSs που Διαχειρίζονται Δεδομένα RFID, Πιθανά Προβλήματα Ασφαλείας, Προκλήσεις από τη Χρήση της Τεχνολογίας RFID, Ενσωμάτωση WMS, Εφαρμογή του WMS, Εφαρμογή της Τεχνολογίας της Τεχνολογίας RFID, Προκλήσεις για την Ενσωμάτωση της Τεχνολογίας RFID, Εμπόδια Εφαρμογής RFID στα WMS, Συμπεράσματα, Βιβλιογραφία. |
| 700 1# - ΠΡΟΣΘΕΤΗ ΑΝΑΓΡΑΦΗ--ΦΥΣΙΚΟ ΠΡΟΣΩΠΟ | |
| Personal name | Κατωτριώτη Ευστρατία |
| 9 (RLIN) | 9213 |
| 700 1# - ΠΡΟΣΘΕΤΗ ΑΝΑΓΡΑΦΗ--ΦΥΣΙΚΟ ΠΡΟΣΩΠΟ | |
| Personal name | Π. Πρόντζας |
| 9 (RLIN) | 9214 |
| 942 ## - ADDED ENTRY ELEMENTS (KOHA) | |
| Koha item type | Διπλωματική εργασία |
| Τύπος τεκμηρίου | Βιβλιοθήκη | Τρέχουσα τοποθεσία | Barcode | Ημερομηνία απόκτησης | Ταξιθετικό σύμβολο | Αριθμός αντιτύπου | Κατάσταση απόσυρσης | Κατάσταση χαμένου | Κατάσταση κατεστραμμένου | Μη δανεισμός | Σύνολο δανεισμών | Ημερομηνία τελευταίας εμφάνισης | Η τιμή ισχύει από |
|---|---|---|---|---|---|---|---|---|---|---|---|---|---|
| Διπλωματική εργασία | MC Athens Campus Library | MC Athens Campus Library | 9780000086211 | 05/06/2025 | BUS 2014 (40) | 1 | 05/06/2025 | 05/06/2025 |